LEADER 01545nas 2200385 c 450 001 9910890857703321 005 20260218113239.0 035 $a(CKB)1000000000272170 035 $a(OCoLC)976425474 035 $a(DE-101)1127662198 035 $a(DE-599)ZDB2888064-X 035 $a(DE-599)2888064-X 035 $a(EXLCZ)991000000000272170 100 $a20170315a20029999 |y | 101 0 $aeng 135 $aur||||||||||| 181 $ctxt$2rdacontent 182 $cc$2rdamedia 183 $acr$2rdacarrier 200 00$aAcolit$enewsletter of the Association for the Study of the New Literatures in English : Mitteilungsblatt der Gesellschaft für die Neuen Englischsprachigen Literaturen : newsletter der Gesellschaft für Anglophone Postkoloniale Studien$fInstitut für England- und Amerikastudien, Abteilung Neue Englischsprachige Literaturen und Kulturen, Johann Wolfgang Geothe-Universität, Frankfurt am Main 210 31$aFrankfurt/Main$cInstitut fu?r England- und Amerikastudien, Abteilung Neue Englischsprachige Literaturen und Kulturen, Johann Wolfgang Geothe-Universita?t, Frankfurt am Main$d[2002]- 215 $aOnline-Ressource 300 $aGesehen am 15.03.2017 300 $aFortsetzung der Druck-Ausgabe 311 08$a0943-738X 608 $aZeitschrift$2gnd-content 676 $a820 712 02$aInstitut fu?r England- und Amerikastudien$4isb 801 0$b0030 801 1$bDE-101 801 2$b9999 906 $aJOURNAL 912 $a9910890857703321 996 $aAcolit$984235 997 $aUNINA